Федералист: Политические эссе Александра Гамильтона, Джеймса Мэдисона и Джона Джея

Opis bibliograficzny
Kolejni autorzy: Гамильтон А. Александр, Мэдисон Дж. Джеймс, Джей Дж. Джон
Język:rosyjski
Wydane: Москва, Прогресс-Литера, 1993
Hasła przedmiotowe:
Format: Książka
KOHA link:https://koha.lib.tpu.ru/cgi-bin/koha/opac-detail.pl?biblionumber=28132

MARC

LEADER 00000nam0a2200000 4500
001 28132
005 20231030202703.0
010 |a 5010033194 
035 |a (RuTPU)RU\TPU\book\28388 
035 |a BOOK00028463 
090 |a 28132 
100 |a 20011209d1993 k y0rusy50 ca 
101 1 |a rus  |c eng 
102 |a RU 
105 |a y z 000zy 
200 1 |a Федералист  |e Политические эссе Александра Гамильтона, Джеймса Мэдисона и Джона Джея  |f А. Гамильтон, Дж. Мэдисон, Дж. Джей и др. 
210 |a Москва  |c Прогресс-Литера  |d 1993 
215 |a 592 с. 
610 1 |a политика 
610 1 |a внутренняя политика 
610 1 |a США 
610 1 |a федерализм 
610 1 |a политическая история 
686 |a Ф3(7США)1  |v LBC/SL-A  |2 rubbk 
686 |a Ф3(7США)1  |v LBC/SL-A  |2 rubbk 
701 1 |a Гамильтон  |b А.  |g Александр 
701 1 |a Мэдисон  |b Дж.  |g Джеймс 
701 1 |a Джей  |b Дж.  |g Джон 
801 0 |a RU  |b 63413507  |c 20011209  |g PSBO 
801 2 |a RU  |b 63413507  |c 20130328  |g PSBO 
942 |c BK